000 00467nam a2200181Ia 4500
008 240925s9999 xx 000 0 und d
020 _a8129711850
082 _a658.562 STE
100 _aNot - Available
245 0 _aJuran, quality, and century of improvement
250 _aNA
260 _aNew Delhi:
_bPearson Education
_c,2005.
300 _a1019p.
_b0
_fOriginal
500 _aIncludes Index
600 _aManagement
650 _aManagement
942 _cBK
999 _c17893
_d17893